Statistics for Fantastic Beasts Trivia Knowledge

Click here to take the quiz!

General Stats

  • This quiz has been taken 110 times
  • The average score is 10 of 11

Answer Stats

HintAnswer% Correct
What is Newt's last name?Scamander
97%
What bird is said to go to the Dumbledores family in their time of need?Phoenix
95%
Does Newt have a brother?Yes
95%
Who does the said characters sister fall in love with?Jacob Kowalski
93%
Who does Newt meet? Female character.Porpentina Goldstein
93%
Where is the first film set?New York City
90%
Who is Dumbledores enemy?Gellert Grindelwald
87%
Who is this characters sister?Queenie Goldstein
87%
Who is Newts childhood friend?Leta Lestrange
80%
What is Newt's job?Magizoologist
79%
Who is said to be a Dumbledore?Credence
70%

Score Distribution

Percentile by Number Answered

Percent of People with Each Score

Your Score History

You have not taken this quiz